000 00651nam a2200229 4500
001 173327
003 ES-MaACL
005 20230906215219.0
008 091125n1978 fr |||| | fre d
020 _a2-08-064130-1
080 _a821.133.1-3
100 1 _aMargueritte, Victor.
_976636
245 1 3 _aLa garçonne
_b: roman /
_cVictor Margueritte.
260 _aParis :
_bFlammarion,
_c1978.
300 _a269 p. ;
_c20 cm.
490 1 _a26 Rue Racine
594 _aPrecede al tít.: La Femme en chemin.
740 3 _aLa Femme en chemin.
_n[1]
830 0 _a26 Rue Racine
_9223508
852 4 _aES-MaACL
_jE-13238
999 _c173327
_d173327